| 000 | 02023cam a22004098i 4500 | ||
|---|---|---|---|
| 001 | 18928925 | ||
| 003 | CSPC | ||
| 005 | 20250221131755.0 | ||
| 008 | 160106s2017 cau b 001 0 eng | ||
| 010 | _a 2016000039 | ||
| 020 |
_a9781483349756 _q(paperback : alk. paper) |
||
| 035 | _a(DNLM)101674660 | ||
| 040 |
_aDNLM/DLC _cDLC _erda _dDLC _dCSPC _beng |
||
| 042 | _apcc | ||
| 050 | 0 | 0 |
_aRC455.2.E8 _bM69 2017 |
| 060 | 1 | 0 | _aWM 21 |
| 082 | 0 | 0 |
_a174.29689 _bM874a _223 |
| 100 | 1 |
_aMoyer, Michael, _eauthor. |
|
| 245 | 1 | 0 |
_aApplied ethics and decision making in mental health / _cMichael Moyer and Charles Crews. |
| 264 | 1 |
_aLos Angeles : _bSAGE, _c2017. |
|
| 300 |
_axvii, 446 pages ; _c24 cm. |
||
| 336 |
_atext _2rdacontent |
||
| 337 |
_aunmediated _2rdamedia |
||
| 338 |
_avolume _2rdacarrier |
||
| 504 | _aIncludes bibliographical references and index. | ||
| 505 | 0 | _aIntroduction to ethics -- The counselor as a person and professional identity -- Ethical decision making -- Ethics & diversity -- Clients' rights and counselors' responsibilities -- Confidentiality and privileged communication -- Ethics in theory, practice, and professional relationships -- Appropriate boundaries and multiple relationships -- Ethics and technology -- Ethics in group work, couples, and families -- Ethics in school counseling -- Ethics in counselor education -- Ethics in supervision -- Ethics in research and publications. | |
| 650 | 1 | 2 |
_aCounseling _xethics |
| 650 | 1 | 2 |
_aMental Health _xethics |
| 650 | 2 | 2 |
_aProfessional-Patient Relations _xethics |
| 650 | 2 | 2 |
_aClinical Decision-Making _xethics |
| 650 | 2 | 2 |
_aConfidentiality _xethics |
| 700 | 1 |
_aCrews, Charles, _eauthor. |
|
| 906 |
_a7 _bcbc _corignew _d1 _eecip _f20 _gy-gencatlg |
||
| 942 |
_2ddc _n0 _cBK _h174.29689 _iM874a _kCIR _m2017 _e23 |
||
| 999 |
_c28891 _d28891 |
||